Εγκόλπιον των νέων : προς τους νεαρούς αναγνώστας μου, υγιεινή της μελέτης, μέθοδοι προς μελέτην, η τέχνη του παρατηρείν, η άσκησις της θελήσεως ; μετάφρασις εκ του ιταλικού
Αποθηκεύτηκε σε:
| Κύριος συγγραφέας: | |
|---|---|
| Μορφή: | Βιβλίο |
| Γλώσσα: | Greek Italian |
| Δημοσίευση: |
Εν Αθήναις :
Ιωάννης Ν. Σιδέρης,
[1924;].
|
| Έκδοση: | 4η έκδ. |
| Σειρά: | Σύλλογος προς Διάδοσιν Ωφελίμων Βιβλίων
|
| Θέματα: | |
| Διαθέσιμο Online: | http://hdl.handle.net/11610/16735 |
| Ετικέτες: |
Προσθήκη ετικέτας
Δεν υπάρχουν, Καταχωρήστε ετικέτα πρώτοι!
|
MARC
| LEADER | 00000cam a2200000 a 4500 | ||
|---|---|---|---|
| 001 | 1/113139 | ||
| 008 | 170221s1924####gr | ||| |||| ||gre|| | ||
| 040 | |a GR-MyUa |b gre |c GR-MyUa |e AACR2 | ||
| 041 | 1 | |a gre |h ita | |
| 082 | 7 | |a 370.945 |2 (23) | |
| 100 | 1 | |a De Benedetti, Ferdinando Augusto |d 1872- | |
| 245 | 1 | 0 | |a Εγκόλπιον των νέων : |b προς τους νεαρούς αναγνώστας μου, υγιεινή της μελέτης, μέθοδοι προς μελέτην, η τέχνη του παρατηρείν, η άσκησις της θελήσεως ; μετάφρασις εκ του ιταλικού / |c Α. Βενεδέττη. |
| 250 | |a 4η έκδ. | ||
| 260 | |a Εν Αθήναις : |b Ιωάννης Ν. Σιδέρης, |c [1924;]. | ||
| 300 | |a 126 σ. |c 19 εκ. | ||
| 490 | 1 | |a (Σύλλογος προς διάδοσιν ωφελίμων βιβλίων) | |
| 500 | |a Υπάρχει ψηφιακό αντίγραφο. | ||
| 500 | |a Μετάφραση του : Verso la meta. | ||
| 501 | |a Εγκόλπιον των νέων: η εκγύμνασις της μνήμης, η εκγύμνασις της καλαισθησίας, η άσκησις της φωνής, η τέχνη του εκθέτειν δια ζώσης / A. Βενεδέττη. Εν Αθήναις: Ιωάννης Ν. Σιδέρης, [1927;]. Δεμένα μαζί μετά τη δημοσίευσή τους. | ||
| 650 | 0 | |a Education |z Italy. | |
| 650 | 0 | |a Education, Secondary. | |
| 740 | 0 | |a Εγκόλπιον των νέων |p η εκγύμνασις της μνήμης, η εκγύμνασις της καλαισθησίας, η άσκησις της φωνής, η τέχνη του εκθέτειν δια ζώσης | |
| 830 | 0 | |a Σύλλογος προς Διάδοσιν Ωφελίμων Βιβλίων | |
| 852 | |a INST |b RHODES |c AKA |e 20170221 |h 370.945 DEB |p 005400039139 |q 005400039139 |t BK |y 23 | ||
| 856 | |u http://hdl.handle.net/11610/16735 | ||
| 970 | |z 21-02-2017 | ||